Một số vấn đề kinh tế - xã hội trong thời kỳ quá độ lên chủ nghĩa xã hội ở Việt Nam
Những quan điểm mới về lí luận và thực tiễn của 1 số vấn đề đang được quan tâm giải quyết ở nước ta như: phát triển kinh tế thị trường định hướng CNXH, các hình thức sở hữu và các thành phần kinh tế trong thời kì quá độ, thực hiện CNH, HĐH, thực trạng phân hoá giàu nghèo trong nền kinh tế thị trường...
保存先:
| その他の著者: | , |
|---|---|
| フォーマット: | 図書 |
| 言語: | Vietnamese |
| 出版事項: |
H.
Đại học Sư phạm
2005
|
| 版: | In lần thứ 2 |
| 主題: | |
| タグ: |
タグ追加
タグなし, このレコードへの初めてのタグを付けませんか!
|
| Thư viện lưu trữ: | Mạng thư viện Đại học Đà Nẵng |
|---|
| LEADER | 01880nam a2200397 4500 | ||
|---|---|---|---|
| 001 | 000007359 | ||
| 003 | 3520 | ||
| 005 | 20120521100523.0 | ||
| 008 | 110929s2005 viesd | ||
| 020 | |c 40000đ | ||
| 041 | 0 | |a vie | |
| 082 | |a 330.9597 |b Vân | ||
| 245 | 0 | |a Một số vấn đề kinh tế - xã hội trong thời kỳ quá độ lên chủ nghĩa xã hội ở Việt Nam |c B.s: Vũ Hồng Tiến (ch.b), Đào Thị Ngọc Minh, Nguyễn Thị Mai Hồng.. | |
| 250 | |a In lần thứ 2 | ||
| 260 | |a H. |b Đại học Sư phạm |c 2005 | ||
| 300 | |a 398 tr |c 21 cm | ||
| 504 | |a Thư mục cuối mỗi chương | ||
| 520 | |a Những quan điểm mới về lí luận và thực tiễn của 1 số vấn đề đang được quan tâm giải quyết ở nước ta như: phát triển kinh tế thị trường định hướng CNXH, các hình thức sở hữu và các thành phần kinh tế trong thời kì quá độ, thực hiện CNH, HĐH, thực trạng phân hoá giàu nghèo trong nền kinh tế thị trường, mối quan hệ giữa dân số, môi trường và phát triển kinh tế | ||
| 653 | |a Kinh tế | ||
| 653 | |a Xã hội | ||
| 653 | |a Chủ nghĩa xã hội | ||
| 653 | |a Thời kì quá độ | ||
| 653 | |a Việt Nam | ||
| 700 | |a Đào Thị Ngọc Minh.. |e b.s. | ||
| 700 | |a Vũ Hồng Tiến |e ch.b. | ||
| 910 | |a Nguyễn Thị Kim Oanh |d 29/09/2011 | ||
| OWN | |a LSP | ||
| AVA | |a UDN50 |b LSP |d 330.9597 Vân |e available |t Error 5001 Not defined in file expand_doc_bib_avail. |f 5 |g 0 |h N |i 0 |k 1 | ||
| 999 | |a From the UDN01 | ||
| AVA | |a UDN50 |b LSP |d 330.9597 Vân |e available |t Error 5001 Not defined in file expand_doc_bib_avail. |f 5 |g 0 |h N |i 0 |k 1 | ||
| TYP | |a Monograph | ||
| TYP | |a Printed language | ||
| 980 | |a Mạng thư viện Đại học Đà Nẵng | ||